01355cam a2200349 i 450000500170000000800410001701000170005802000180007502000150009304000230010804200080013108200210013910000190016024500810017926000240026026400450028430000450032933600260037433600500040033700280045033700230047833800270050133800300052850000200055853800770057865000510065565000690070665000570077590600450083299900170087795201110089420230830105236.0160217s2016 inua 001 0 eng  a 2016933699 a9781587205804 a1587205807 aDLCbengerdacDLC apcc04a004.6223bODO-C1 aOdom, Wendell,10aCCENT/CCNA ICND1 100-105 official cert guide /cWendell Odom, CCIE No. 1624. aUSA:bCisco,c2016. 1aIndianapolis, IN :bCisco Press,c[2016] alii, 965 pages :billustrations ;c24 cm atextbtxt2rdacontent atwo-dimensional moving imagebtdi2rdacontent aunmediatedbn2rdamedia avideobv2rdamedia avolumebnc2rdacarrier avideodiscbvd2rdacarrier aIncludes index. aSystem requirements for accompanying DVD: PC or Mac readable disk drive. 0aComputer networksxExaminationsvStudy guides. 0aInternetworking (Telecommunication)xExaminationsvStudy guides. 0aElectronic data processing personnelxCertification. a7bcbccorignewd2eepcnf20gy-gencatlg c33321d33321 00104070aSIRC-GbSIRC-GcNetworkingd2023-08-30l0o004.6 ODO-C 2016p19720r2023-08-30w2023-08-30yBK